Dataset Open Access
<?xml version='1.0' encoding='UTF-8'?>
<record xmlns="http://www.loc.gov/MARC21/slim">
<leader>00000nmm##2200000uu#4500</leader>
<datafield tag="542" ind1=" " ind2=" ">
<subfield code="l">open</subfield>
</datafield>
<datafield tag="540" ind1=" " ind2=" ">
<subfield code="u">https://creativecommons.org/licenses/by/4.0/legalcode</subfield>
<subfield code="a">Creative Commons Attribution 4.0 International</subfield>
</datafield>
<datafield tag="980" ind1=" " ind2=" ">
<subfield code="a">dataset</subfield>
</datafield>
<datafield tag="520" ind1=" " ind2=" ">
<subfield code="a"><p>Longitudinal, structural brain connectome dataset derived by DWI and probabilistic tractography. Details provided in the methods file. Patients with first ever supratentorial stroke and upper extremity deficits were included. Timepoints of examinations: 3-5 days after stroke, 1 month, 3 month and 1 year.</p>
<p>&nbsp;</p>
<p>Related Publications:</p>
<p><a href="https://doi.org/10.1093/braincomms/fcz020">https://doi.org/10.1093/braincomms/fcz020</a></p>
<p><a href="https://doi.org/10.1177%2F0271678X19831583">10.1177/0271678X19831583</a></p></subfield>
</datafield>
<controlfield tag="005">20230623132203.0</controlfield>
<datafield tag="024" ind1=" " ind2=" ">
<subfield code="a">10.25592/uhhfdm.12576</subfield>
<subfield code="2">doi</subfield>
</datafield>
<datafield tag="260" ind1=" " ind2=" ">
<subfield code="c">2023-06-21</subfield>
</datafield>
<controlfield tag="001">12576</controlfield>
<datafield tag="650" ind1="1" ind2="7">
<subfield code="a">cc-by</subfield>
<subfield code="2">opendefinition.org</subfield>
</datafield>
<datafield tag="909" ind1="C" ind2="O">
<subfield code="o">oai:fdr.uni-hamburg.de:12576</subfield>
<subfield code="p">user-uhh</subfield>
<subfield code="p">user-sfb936</subfield>
<subfield code="p">user-uke</subfield>
</datafield>
<datafield tag="245" ind1=" " ind2=" ">
<subfield code="a">Longititudinal acute stroke study: structural brain connectomes</subfield>
</datafield>
<datafield tag="773" ind1=" " ind2=" ">
<subfield code="a">10.25592/uhhfdm.12575</subfield>
<subfield code="i">isVersionOf</subfield>
<subfield code="n">doi</subfield>
</datafield>
<datafield tag="856" ind1="4" ind2=" ">
<subfield code="s">19649236</subfield>
<subfield code="u">https://www.fdr.uni-hamburg.de/record/12576/files/SFB_Project_C2_structural_connectomes_data.mat</subfield>
<subfield code="z">md5:97bba0b1659792e8c1aa010b4164a950</subfield>
</datafield>
<datafield tag="856" ind1="4" ind2=" ">
<subfield code="s">13066</subfield>
<subfield code="u">https://www.fdr.uni-hamburg.de/record/12576/files/SFB_Project_C2_structural_connectomes_data_overview.xlsx</subfield>
<subfield code="z">md5:7516259596599720516ab408d2edca5b</subfield>
</datafield>
<datafield tag="856" ind1="4" ind2=" ">
<subfield code="s">382733</subfield>
<subfield code="u">https://www.fdr.uni-hamburg.de/record/12576/files/sfb_Project_C2_structural_connectomes_read_me.pdf</subfield>
<subfield code="z">md5:c3802516986fb4aac05d84c42e1130a0</subfield>
</datafield>
<datafield tag="856" ind1="4" ind2=" ">
<subfield code="s">14537</subfield>
<subfield code="u">https://www.fdr.uni-hamburg.de/record/12576/files/SFB_structural_connectome_methods.docx</subfield>
<subfield code="z">md5:3362e213c2d2da0217b2b0e83f956b28</subfield>
</datafield>
<datafield tag="100" ind1=" " ind2=" ">
<subfield code="a">Cheng, Bastian</subfield>
<subfield code="u">Universtiy Medical Hospital Hamburg Eppendorf, Department of Neurology</subfield>
<subfield code="0">(orcid)0000-0003-2434-1822</subfield>
</datafield>
<datafield tag="980" ind1=" " ind2=" ">
<subfield code="a">user-sfb936</subfield>
</datafield>
<datafield tag="980" ind1=" " ind2=" ">
<subfield code="a">user-uhh</subfield>
</datafield>
<datafield tag="980" ind1=" " ind2=" ">
<subfield code="a">user-uke</subfield>
</datafield>
<datafield tag="999" ind1="C" ind2="5">
<subfield code="x">https://doi.org/10.1093/braincomms/fcz020</subfield>
</datafield>
<datafield tag="999" ind1="C" ind2="5">
<subfield code="x">10.1177/0271678X19831583</subfield>
</datafield>
</record>